[Event "NATO-ch 28th"]
[Site "Budapest"]
[Date "2017.03.30"]
[Round "5"]
[White "Michos, Thomas"]
[Black "Cirkvencic, Franci"]
[Result "1/2-1/2"]
[WhiteElo "2207"]
[BlackElo "2030"]
[PlyCount "56"]
[EventDate "2017.03.27"]
[EventType "swiss"]
[EventRounds "7"]
[EventCountry "HUN"]
[SourceTitle "CBM 177 Extra"]
[Source "ChessBase"]
[SourceDate "2017.04.27"]
[SourceVersion "1"]
[SourceVersionDate "2017.04.27"]
[SourceQuality "1"]

1. d4 Nf6 2. Nf3 e6 3. c3 b6 4. Bg5 Be7 5. Nbd2 h6 6. Bh4 Bb7 7. e3 Ne4 8. Bxe7 Qxe7 9. Nxe4 Bxe4 10. Nd2 Bb7 11. e4 c5 12. dxc5 Qxc5 13. Nc4 0-0 14. Nd6 Bd5 15. exd5 Qxd6 16. dxe6 Qxe6+ 17. Be2 Re8 18. Kf1 Nc6 19. Bf3 Rad8 20. Bd5 Qg6 21. h4 Ne7 22. h5 Qg5 23. Bb3 d5 24. Rh3 Nf5 25. Rd3 d4 26. cxd4 Qh4 27. Rh3 Qxd4 28. Qxd4 Nxd4 1/2-1/2

[Event "NATO-ch 28th"]
[Site "Budapest"]
[Date "2017.03.30"]
[Round "6"]
[White "Wells, Daniel J"]
[Black "Michos, Thomas"]
[Result "0-1"]
[WhiteElo "2009"]
[BlackElo "2207"]
[PlyCount "88"]
[EventDate "2017.03.27"]
[EventType "swiss"]
[EventRounds "7"]
[EventCountry "HUN"]
[SourceTitle "CBM 177 Extra"]
[Source "ChessBase"]
[SourceDate "2017.04.27"]
[SourceVersion "1"]
[SourceVersionDate "2017.04.27"]
[SourceQuality "1"]

1. e4 e5 2. Nf3 Nc6 3. Bb5 a6 4. Ba4 Nf6 5. 0-0 Be7 6. Re1 b5 7. Bb3 d6 8. c3 Bg4 9. h3 Bh5 10. d3 0-0 11. a4 Na5 12. Bc2 c5 13. Nbd2 Qc7 14. Nf1 b4 15. Ng3 Bg6 16. Bg5 Nh5 17. Nf5 Bxg5 18. Nxg5 h6 19. Nf3 Rab8 20. Rc1 b3 21. Bb1 Rfd8 22. N3h4 Qd7 23. Qg4 Kh7 24. d4 c4 25. dxe5 dxe5 26. Rcd1 Qe6 27. Nxg6 fxg6 28. Nxh6 Qe8 29. Nf5 gxf5 30. exf5 Nf6 31. Qg3 Rxd1 32. Rxd1 Rd8 33. Rxd8 Qxd8 34. Qg6+ Kg8 35. g4 Qe8 36. Qg5 Nb7 37. Qe3 Qd8 38. Qxe5 Qd1+ 39. Kg2 Qxb1 40. Qb8+ Kh7 41. Qxb7 Qe4+ 42. Qxe4 Nxe4 43. Kf3 Nxc3 44. bxc3 b2 0-1

[Event "GRE-chT 42nd"]
[Site "Porto Rio"]
[Date "2014.07.03"]
[Round "7.3"]
[White "Michos, Thomas"]
[Black "Dimbas, Dimitrios"]
[Result "1-0"]
[WhiteElo "2249"]
[BlackElo "2000"]
[PlyCount "51"]
[EventDate "2014.06.28"]
[EventType "team-swiss"]
[EventRounds "7"]
[EventCountry "GRE"]
[SourceTitle "CBM 161 Extra"]
[Source "ChessBase"]
[SourceDate "2014.08.29"]
[SourceVersion "1"]
[SourceVersionDate "2014.08.29"]
[SourceQuality "1"]
[WhiteTeam "AEK"]
[BlackTeam "Pan GA"]
[WhiteTeamCountry "GRE"]
[BlackTeamCountry "GRE"]

1. d4 Nf6 2. Nf3 g6 3. Bg5 Bg7 4. Nbd2 d5 5. e3 0-0 6. Be2 c5 7. c3 cxd4 8. exd4 Nc6 9. 0-0 Bf5 10. Bh4 h6 11. Re1 Qb6 12. Qb3 Qxb3 13. axb3 Ne4 14. Nxe4 Bxe4 15. b4 a6 16. Nd2 Bc2 17. Bf3 g5 18. Bg3 e6 19. h4 Bf6 20. hxg5 hxg5 21. Rec1 Bf5 22. Nb3 g4 23. Be2 Bg5 24. Re1 Rfc8 25. Nc5 Nd8 26. Nd7 1-0

[Event "GRE-chT 42nd"]
[Site "Porto Rio"]
[Date "2014.06.29"]
[Round "3.3"]
[White "Michos, Thomas"]
[Black "Iskos, Alexandros"]
[Result "1/2-1/2"]
[WhiteElo "2249"]
[BlackElo "2172"]
[PlyCount "61"]
[EventDate "2014.06.28"]
[EventType "team-swiss"]
[EventRounds "7"]
[EventCountry "GRE"]
[SourceTitle "CBM 161 Extra"]
[Source "ChessBase"]
[SourceDate "2014.08.29"]
[SourceVersion "1"]
[SourceVersionDate "2014.08.29"]
[SourceQuality "1"]
[WhiteTeam "AEK"]
[BlackTeam "Mapou Thunder"]
[WhiteTeamCountry "GRE"]
[BlackTeamCountry "GRE"]

1. d4 Nf6 2. Nf3 e6 3. c3 b6 4. Bg5 Be7 5. Nbd2 Bb7 6. Qc2 d5 7. e3 Nbd7 8. Bd3 c5 9. Qa4 0-0 10. Ne5 Nxe5 11. dxe5 Ne4 12. Bxe7 Qxe7 13. Bxe4 dxe4 14. 0-0 Qg5 15. Nxe4 Qxe5 16. Ng3 Qd5 17. e4 Qc6 18. Qxc6 Bxc6 19. Rfd1 Rfd8 20. f3 Kf8 21. Kf2 Ke7 22. Ke3 g6 23. Ne2 Bb5 24. Nf4 g5 25. Nh3 h6 26. g3 f5 27. e5 Bc6 28. f4 g4 29. Nf2 Bf3 30. Rxd8 Rxd8 31. h4 1/2-1/2

[Event "GRE-chT 42nd"]
[Site "Porto Rio"]
[Date "2014.06.29"]
[Round "2.3"]
[White "Stavrianakis, Ioannis"]
[Black "Michos, Thomas"]
[Result "1-0"]
[WhiteElo "2267"]
[BlackElo "2249"]
[PlyCount "85"]
[EventDate "2014.06.28"]
[EventType "team-swiss"]
[EventRounds "7"]
[EventCountry "GRE"]
[SourceTitle "CBM 161 Extra"]
[Source "ChessBase"]
[SourceDate "2014.08.29"]
[SourceVersion "1"]
[SourceVersionDate "2014.08.29"]
[SourceQuality "1"]
[WhiteTeam "Irakleiou CN"]
[BlackTeam "AEK"]
[WhiteTeamCountry "GRE"]
[BlackTeamCountry "GRE"]

1. d4 d5 2. c4 e6 3. Nc3 Be7 4. Nf3 Nf6 5. Bg5 h6 6. Bxf6 Bxf6 7. Qb3 c6 8. e3 0-0 9. Be2 Nd7 10. cxd5 exd5 11. 0-0 Re8 12. Rfc1 Be7 13. Qc2 Bd6 14. Rab1 Qe7 15. a3 a5 16. Na4 Nf6 17. Nb6 Rb8 18. Nxc8 Rbxc8 19. Bd3 Ne4 20. Bxe4 dxe4 21. Nd2 f5 22. g3 Kh8 23. Nc4 Bc7 24. b4 axb4 25. axb4 Qg5 26. Kh1 Qg4 27. Qd1 Qh3 28. b5 Re6 29. bxc6 bxc6 30. Rb7 f4 31. exf4 Bxf4 32. gxf4 Rg6 33. Ne3 Rf8 34. Rc5 Rxf4 35. Rh5 Qe6 36. Rb2 Kh7 37. Qe2 Qf7 38. Re5 Qd7 39. Rd2 Rgf6 40. Ng2 Rxf2 41. Qxe4+ Kg8 42. Rxf2 Rxf2 43. Nf4 1-0

[Event "GRE-chT 42nd"]
[Site "Porto Rio"]
[Date "2014.06.28"]
[Round "1.3"]
[White "Deligiannis, Paraskevas1111"]
[Black "Michos, Thomas"]
[Result "1-0"]
[WhiteElo "2050"]
[BlackElo "2249"]
[PlyCount "138"]
[EventDate "2014.06.28"]
[EventType "team-swiss"]
[EventRounds "7"]
[EventCountry "GRE"]
[SourceTitle "CBM 161 Extra"]
[Source "ChessBase"]
[SourceDate "2014.08.29"]
[SourceVersion "1"]
[SourceVersionDate "2014.08.29"]
[SourceQuality "1"]
[WhiteTeam "Nautical Association"]
[BlackTeam "AEK"]
[WhiteTeamCountry "GRE"]
[BlackTeamCountry "GRE"]

1. c4 e6 2. g3 d5 3. Bg2 Nf6 4. Nf3 Be7 5. d4 0-0 6. 0-0 Nbd7 7. Qd3 c6 8. Nc3 b6 9. cxd5 exd5 10. Re1 Re8 11. Bf4 Bb7 12. Rad1 Ne4 13. Ne5 Nxe5 14. dxe5 Nxc3 15. bxc3 Qc8 16. e4 Bf8 17. h4 g6 18. exd5 cxd5 19. Bxd5 Bxd5 20. Qxd5 Re6 21. Re3 Qc6 22. Qxc6 Rxc6 23. Rd7 Re6 24. Red3 Bg7 25. Rxa7 Rf8 26. Rd6 Ree8 27. Rxb6 Bxe5 28. Bh6 Bg7 29. Bxg7 Kxg7 30. Rb2 Rc8 31. Rc2 Rc5 32. Ra4 Rfc8 33. c4 h6 34. Kg2 g5 35. hxg5 hxg5 36. Kf3 Kg6 37. Ke4 f6 38. g4 Re5+ 39. Kf3 Rec5 40. Rc3 R8c7 41. Kg3 R7c6 42. f3 Rc8 43. Kf2 R8c7 44. Rb4 Rd7 45. Rb5 Rc8 46. a4 Re8 47. Rb2 Rh7 48. Kg3 Re1 49. c5 Reh1 50. Rcc2 Rg1+ 51. Kf2 Ra1 52. c6 Rxa4 53. c7 Ra8 54. Ke3 Rc8 55. Rb7 Rd7 56. Kf2 Re7 57. Rc6 Kg7 58. Kg2 Kf7 59. Kg3 Kg6 60. f4 gxf4+ 61. Kxf4 Kg7 62. Rc1 Kg6 63. Rc5 Rd7 64. Rc6 Rd4+ 65. Ke3 Rd7 66. Kf3 Rd3+ 67. Ke4 Rd7 68. Rc4 Rd1 69. Kf4 Rf1+ 1-0

[Event "Athens Acropolis op"]
[Site "Athens"]
[Date "2004.11.22"]
[Round "7"]
[White "Michos, Thomas"]
[Black "Georgiev, Vladimir"]
[Result "1/2-1/2"]
[WhiteElo "2219"]
[BlackElo "2512"]
[PlyCount "138"]
[EventDate "2004.11.16"]
[EventType "swiss"]
[EventRounds "9"]
[EventCountry "GRE"]
[SourceTitle "CBM 103 Extra"]
[Source "ChessBase"]
[SourceDate "2005.01.01"]
[SourceVersion "1"]
[SourceVersionDate "2005.01.01"]
[SourceQuality "1"]

1. d4 Nf6 2. Bg5 Ne4 3. Bf4 d5 4. Nd2 Bf5 5. e3 Nf6 6. c3 h6 7. Qb3 Qc8 8. Ngf3 e6 9. c4 Be7 10. Rc1 c6 11. h3 a5 12. a3 a4 13. Qd1 0-0 14. Be2 Qd8 15. cxd5 exd5 16. Rc3 Nbd7 17. 0-0 Nb6 18. Ne5 Ne4 19. Nxe4 dxe4 20. Bh2 Nd5 21. Rc1 Bh7 22. Bg4 Nb6 23. Nc4 Nd5 24. Ne5 Bg5 25. Nd7 Re8 26. Nc5 Re7 27. Re1 f5 28. Be2 Kh8 29. Bc4 b5 30. Bxd5 Qxd5 31. Be5 Bg8 32. g3 Rf8 33. Na6 Rxe5 34. Nb4 Qd6 35. Rxc6 Qb8 36. dxe5 Qxe5 37. Qd6 Qxd6 38. Rxd6 Bf6 39. Rd2 Rc8 40. Rb1 Bb3 41. Kg2 Kh7 42. Nd5 Bd8 43. h4 Ba5 44. Rd4 Rc2 45. Nb4 Bxb4 46. Rxb4 Bc4 47. Rd1 Be2 48. Re1 Bc4 49. Rd1 Kg6 50. Rd6+ Kh5 51. Rc6 Rc1 52. Rcxc4 bxc4 53. Rxa4 g5 54. hxg5 hxg5 55. Rb4 Kg4 56. Rb8 c3 57. bxc3 Rxc3 58. Ra8 Rc2 59. Rb8 Ra2 60. Rb3 f4 61. gxf4 gxf4 62. exf4 Kxf4 63. Rc3 Ra1 64. Rb3 Ra2 65. Rh3 Ra1 66. Rh4+ Ke5 67. Rh5+ Kf4 68. Rh4+ Ke5 69. Rh5+ Kf4 1/2-1/2

[Event "Athens Acropolis op"]
[Site "Athens"]
[Date "2004.11.17"]
[Round "2"]
[White "Michos, Thomas"]
[Black "Kakkanas, Evangelos"]
[Result "1-0"]
[WhiteElo "2219"]
[BlackElo "2134"]
[PlyCount "67"]
[EventDate "2004.11.16"]
[EventType "swiss"]
[EventRounds "9"]
[EventCountry "GRE"]
[SourceTitle "CBM 103 Extra"]
[Source "ChessBase"]
[SourceDate "2005.01.01"]
[SourceVersion "1"]
[SourceVersionDate "2005.01.01"]
[SourceQuality "1"]

1. d4 Nf6 2. Nf3 e6 3. Bg5 h6 4. Bh4 c5 5. c3 b6 6. e3 Bb7 7. Bd3 cxd4 8. cxd4 Be7 9. 0-0 0-0 10. a3 Ne4 11. Bxe7 Qxe7 12. Qc2 Ng5 13. Nxg5 hxg5 14. Nc3 f5 15. Rac1 Nc6 16. Qe2 Rf6 17. d5 Ne5 18. Ba6 Bxa6 19. Qxa6 Rh6 20. Qb7 Rf8 21. dxe6 g4 22. Rfd1 Rxe6 23. Ne2 Qh4 24. Rc8 Rxc8 25. Qxc8+ Kh7 26. Qc2 g6 27. Qc7 a5 28. Nd4 Re7 29. Qxb6 f4 30. exf4 Nd3 31. g3 Qh3 32. Qf6 Re4 33. Nf5 gxf5 34. Qxf5+ 1-0

[Event "GRE Cup 22nd"]
[Site "Greece"]
[Date "2003.11.??"]
[Round "?"]
[White "Halkias, Stelios"]
[Black "Michos, Thomas"]
[Result "1-0"]
[WhiteElo "2560"]
[BlackElo "2216"]
[PlyCount "81"]
[EventDate "2003.11.??"]
[EventType "team"]
[EventRounds "2"]
[EventCountry "GRE"]
[SourceTitle "EXT 2005"]
[Source "ChessBase"]
[SourceDate "2004.11.15"]
[SourceVersion "1"]
[SourceVersionDate "2004.11.15"]
[SourceQuality "1"]

1. d4 d5 2. c4 e6 3. Nf3 Nf6 4. Nc3 Be7 5. Bg5 0-0 6. e3 h6 7. Bxf6 Bxf6 8. Rc1 c6 9. Bd3 dxc4 10. Bxc4 Nd7 11. 0-0 e5 12. h3 exd4 13. exd4 Nb6 14. Bb3 Bf5 15. Re1 Re8 16. g4 Bg6 17. Qd2 Qd7 18. Qf4 Rad8 19. Rxe8+ Rxe8 20. Rd1 Qd8 21. Kg2 Qb8 22. Qxb8 Rxb8 23. Ne5 Bxe5 24. dxe5 c5 25. Rd6 c4 26. Bd1 Re8 27. f4 Bd3 28. Nb5 g5 29. Nxa7 Nd5 30. Rxd5 Be4+ 31. Bf3 Bxd5 32. Bxd5 Ra8 33. Nb5 Rxa2 34. Bxc4 Rxb2+ 35. Kf3 gxf4 36. Nd6 Kf8 37. Bxf7 b5 38. e6 b4 39. Nf5 Rb1 40. Bg6 Re1 41. e7+ 1-0

[Event "Chania op 9th"]
[Site "Chania"]
[Date "1999.08.07"]
[Round "5"]
[White "Velickovic, Sasa"]
[Black "Michos, Thomas"]
[Result "1-0"]
[WhiteElo "2423"]
[BlackElo "2241"]
[PlyCount "77"]
[EventDate "1999.08.03"]
[EventType "swiss"]
[EventRounds "9"]
[EventCountry "GRE"]
[SourceTitle "EXT 2000"]
[Source "ChessBase"]
[SourceDate "1999.11.16"]
[SourceVersion "1"]
[SourceVersionDate "1999.11.16"]
[SourceQuality "1"]

1. e4 e5 2. Nf3 Nc6 3. Bb5 a6 4. Ba4 Nf6 5. Qe2 b5 6. Bb3 Bc5 7. 0-0 0-0 8. c3 d6 9. Rd1 Qe7 10. h3 Bb6 11. d3 Bb7 12. Nbd2 Na5 13. Bc2 c5 14. Nf1 Nh5 15. g3 f5 16. exf5 Qe8 17. g4 Qc6 18. N1h2 c4 19. gxh5 cxd3 20. Qxd3 e4 21. Qxd6 exf3 22. Qxc6 Bxc6 23. Ng4 Be8 24. h6 gxh6 25. Bxh6 Rf7 26. Bf4 Rg7 27. f6 h5 28. fxg7 hxg4 29. hxg4 Ra7 30. Bh6 Nc4 31. Re1 Bf7 32. b3 Nd6 33. Rad1 Ne8 34. Be3 Bxe3 35. Rxe3 Kxg7 36. Rxf3 Rc7 37. Re3 Nf6 38. f3 Nd5 39. Rxd5 1-0

[Event "GRE-chT"]
[Site "Thessaloniki"]
[Date "1996.??.??"]
[Round "2"]
[White "Michos, Thomas"]
[Black "Tsomis, Dimitrios"]
[Result "1/2-1/2"]
[WhiteElo "2200"]
[BlackElo "2215"]
[PlyCount "120"]
[EventDate "1996.??.??"]
[EventType "team"]
[EventRounds "3"]
[EventCountry "GRE"]
[SourceTitle "CBM 055 Extra"]
[Source "ChessBase"]
[SourceDate "1997.01.01"]
[SourceVersion "1"]
[SourceVersionDate "1997.01.01"]
[SourceQuality "1"]

1. e4 c5 2. Nf3 d6 3. Bb5+ Nd7 4. c3 a6 5. Ba4 b5 6. Bc2 e5 7. 0-0 Ngf6 8. Re1 Bb7 9. d4 Be7 10. Nbd2 0-0 11. Nf1 Re8 12. dxe5 dxe5 13. Ng3 Qc7 14. a4 c4 15. axb5 axb5 16. Rxa8 Rxa8 17. Nf5 Bf8 18. Bg5 h6 19. Bh4 g6 20. Ne3 Bg7 21. Bg3 Re8 22. h3 Nh5 23. Nd5 Qc5 24. Kh2 Nxg3 25. fxg3 Bxd5 26. exd5 Rd8 27. Nh4 Nf8 28. Be4 f5 29. Bxf5 gxf5 30. Nxf5 Kh7 31. Nxg7 Kxg7 32. Qg4+ Ng6 33. h4 h5 34. Qxh5 Qxd5 35. Qg5 e4 36. Qg4 Re8 37. h5 Qe6 38. Qxg6+ Qxg6 39. hxg6 Kxg6 40. g4 Kf6 41. Kg3 Ke5 42. Rf1 Kd5 43. Rf5+ Kc6 44. Kf2 Rd8 45. g5 Rd2+ 46. Kg3 e3 47. g6 e2 48. Kf2 e1Q+ 49. Kxe1 Rxg2 50. Rf6+ Kd5 51. Kd1 Ke5 52. Rb6 Rxb2 53. g7 Rg2 54. Rxb5+ Ke4 55. Rb8 Rxg7 56. Rd8 Ke3 57. Rd4 Rg2 58. Kc1 Rh2 59. Kb1 Rd2 60. Rxc4 Kd3 1/2-1/2

[Event "Athens M/3"]
[Site "Athens"]
[Date "1994.??.??"]
[Round "?"]
[White "Trikaliotis, Georgios"]
[Black "Michos, Thomas"]
[Result "0-1"]
[WhiteElo "2265"]
[BlackElo "2155"]
[PlyCount "74"]
[EventDate "1994.??.??"]
[EventType "tourn"]
[EventRounds "9"]
[EventCountry "GRE"]
[SourceTitle "EXT 2003"]
[Source "ChessBase"]
[SourceDate "2002.11.25"]
[SourceVersion "1"]
[SourceVersionDate "2002.11.25"]
[SourceQuality "1"]

1. d4 d5 2. c4 e6 3. Nc3 Be7 4. Bf4 Nf6 5. e3 0-0 6. Bd3 c5 7. Nge2 Nc6 8. cxd5 Nxd5 9. Bg3 cxd4 10. exd4 Bf6 11. Be4 Nde7 12. Qa4 Nxd4 13. Nxd4 Qxd4 14. Qxd4 Bxd4 15. Nb5 Bb6 16. Rd1 f5 17. Bd6 fxe4 18. Bxe7 Rf5 19. Nd6 Rxf2 20. Nc4 Rxg2 21. Nxb6 axb6 22. Rd8+ Kf7 23. Ba3 b5 24. Kf1 Rc2 25. Rf8+ Kg6 26. Rg1+ Kh6 27. Rg3 e5 28. Rd8 b4 29. Bxb4 Rxa2 30. Bd2+ Kh5 31. Rxg7 e3 32. Rdg8 h6 33. Re7 Bh3+ 34. Ke2 Rxd2+ 35. Kxe3 Rd5 36. Rg3 Bf5 37. Rxb7 Rd3+ 0-1